Zgadnij jaki to język. - Statystyki

Ogólne statystyki
  • Ten quiz został rozwiązany 151 razy
  • Średni wynik to 12 z 20
Statystyki odpowiedzi
Hint Odpowiedź % Poprawnych
Guess what language it is Angielski
89%
何語なのか推測してください Japoński
88%
Ratet mal, um welche Sprache es sich handelt Niemiecki
87%
猜猜这是什么语言 Chiński
85%
Угадай, что это за язык Rosyjski
85%
تخمين ما هي اللغة Arabski
83%
Hádejte, jaký je to jazyk Czeski
77%
Μαντέψτε τι γλώσσα είναι Grecki
68%
Devinez de quelle langue il s'agit Francuski
64%
Познайте какъв е езикът Bułgarski
59%
Adivina que idioma es Hiszpański
59%
Arvaa mikä kieli se on Fiński
50%
נחשו באיזו שפה מדובר Hebrajski
50%
Gjett hvilket språk det er Norweski
50%
Találd ki, milyen nyelvről van szó Węgierski
47%
Indovina che lingua è Włoski
43%
coniecto quid sit lingua Łaciński
37%
Merreni me mend se çfarë gjuhe është Albański
24%
Arva ära, mis keel see on Estoński
23%
Nadhani ni lugha gani Suahili
5%
Nie znaleziono quizów pasujących do podanych kryteriów
Rozkład punktacji
Procent ludzi z każdym wynikiem
Percentyl według liczby udzielonych odpowiedzi
Twoja historia wyników
Nie rozwiązałeś tego quizu